| 000 | 00585nam a2200193 u 4500 | ||
|---|---|---|---|
| 005 | 20220909161801.0 | ||
| 008 | 080804s2005 es r 000 0 spa d | ||
| 020 | _a8489804915 | ||
| 035 | _aUPN01000158818 | ||
| 049 | _aCG | ||
| 050 | 4 |
_aPQ6348 _bG3.2 |
|
| 100 | 1 | _aGarralón, Ana | |
| 245 | 1 | 0 |
_aCervantes : _bguía para jóvenes / _cAna Garralón. |
| 260 |
_aSalamanca, Esp. : _bLóguez, _cc2005. |
||
| 300 |
_a108 p. : _bil. |
||
| 600 | 1 | 7 |
_aCervantes Saavedra, Miguel de, _d1547-1616 _xCrítica e interpretación _2 _99629 |
| 905 | _aLibro | ||
| 999 |
_c130932 _d130932 |
||